Die Deutschen in ihrer Welt : Tubinger Modell einer integrativen Landeskunde
Saved in:
| Other Authors: | , |
|---|---|
| Format: | Book |
| Language: | German |
| Published: |
Berlin ; New York :
Langenscheidt,
c1992
|
| Series: | Fremdsprachenunterricht in Theorie und Praxis
|
| Subjects: | |
| Tags: |
Add Tag
No Tags, Be the first to tag this record!
|
MARC
| LEADER | 00000nam a2200000 i 4500 | ||
|---|---|---|---|
| 001 | 1/83557 | ||
| 008 | 990607s1992 ger d | ||
| 020 | |a 3-468-49443-2 | ||
| 035 | |l 10051379 | ||
| 040 | |a GR-MY-UA |b gre |e aacr | ||
| 041 | 1 | |a ger | |
| 082 | 0 | |a 943 |2 (20) | |
| 245 | 1 | 4 | |a Die Deutschen in ihrer Welt : |b Tubinger Modell einer integrativen Landeskunde / |c herausgegeben von Paul Mog in zusammenarbeit mit Hans-Joachim Althaus |
| 260 | |a Berlin ; New York : |b Langenscheidt, |c c1992 | ||
| 300 | |a 264 p.; |b ill.; |c 21 cm | ||
| 490 | 1 | |a Fremdsprachenunterricht in Theorie und Praxis | |
| 504 | |a Περιέχει βιβλιογραφικές παραπομπές | ||
| 651 | 0 | |a Germany (West) |x Social life and customs. | |
| 651 | 0 | |a United States |x Social life and customs. | |
| 651 | 0 | |a Germany |x Civilization |x American influences. | |
| 700 | 1 | |a Mog, Paul. |4 edt | |
| 700 | 1 | |a Althaus, Hans-Joachim. |4 edt | |
| 830 | 0 | |a Fremdsprachenunterricht in Theorie und Praxis | |
| 852 | |a INST |b RHODES |e 19990607 |h 943 DEU |p 005400009465 |q 005400009465 |t BK |y 0 | ||
| 909 | |a Ρ |b 025564 |c 1993 | ||
| 922 | |a 4ΕΛΗ |b 199302 |c ΜΠΕΡΖΑΜΑΝΗ | ||